|
|
|
|
| LEADER |
00000naa2a2200000 4500 |
| 001 |
624303 |
| 005 |
20240118163256.0 |
| 035 |
|
|
|a (RuTPU)RU\TPU\conf\23548
|
| 035 |
|
|
|a RU\TPU\conf\23547
|
| 090 |
|
|
|a 624303
|
| 100 |
|
|
|a 20171115d2017 k y0rusy50 ca
|
| 101 |
0 |
|
|a rus
|
| 102 |
|
|
|a RU
|
| 105 |
|
|
|a y z 101zy
|
| 135 |
|
|
|a drcn ---uucaa
|
| 181 |
|
0 |
|a i
|
| 182 |
|
0 |
|a b
|
| 200 |
1 |
|
|a Система УФ-освещения для люминесцентного метода капиллярного контроля
|f А. Н. Калиниченко [и др.]
|
| 203 |
|
|
|a Текст
|c электронный
|
| 225 |
1 |
|
|a Неинвазивные методы медицинской диагностики
|
| 300 |
|
|
|a Заглавие с титульного экрана
|
| 320 |
|
|
|a [Библиогр.: с. 114 (4 назв.)]
|
| 463 |
|
1 |
|0 (RuTPU)RU\TPU\conf\23467
|t Инновации в неразрушающем контроле (SibTest 2017)
|o сборник тезисов IV международной конференции, Новосибирск, 27-30 июня 2017 г.
|f Национальный исследовательский Томский политехнический университет (ТПУ) ; под ред. А. В. Юрченко
|v [С. 112-114]
|d 2017
|
| 610 |
1 |
|
|a труды учёных ТПУ
|
| 610 |
1 |
|
|a электронные ресурсы
|
| 610 |
1 |
|
|a люминесцентный метод
|
| 610 |
1 |
|
|a капиллярный контроль
|
| 610 |
1 |
|
|a ультрафиолетовые технологии
|
| 610 |
1 |
|
|a облучатели
|
| 610 |
1 |
|
|a индикаторы
|
| 701 |
|
1 |
|a Калиниченко
|b А. Н.
|c специалист в области неразрушающего контроля
|c доцент Томского политехнического университета, кандидат технических наук
|f 1981-
|g Алексей Николаевич
|3 (RuTPU)RU\TPU\pers\27077
|9 12627
|
| 701 |
|
1 |
|a Лобанова
|b И. С.
|c специалист в области неразрушающего контроля
|c инженер, доцент Томского политехнического университета, кандидат технических наук
|f 1988-
|g Ирина Сергеевна
|3 (RuTPU)RU\TPU\pers\31092
|9 15321
|
| 701 |
|
1 |
|a Калиниченко
|b Н. П.
|c специалист в области неразрушающего контроля
|c доцент Томского политехнического университета, кандидат технических наук
|f 1945-
|g Николай Петрович
|3 (RuTPU)RU\TPU\pers\27076
|
| 701 |
|
1 |
|a Соснин
|b Э. А.
|g Эдуард Анатольевич
|
| 701 |
|
1 |
|a Гальцева
|b О. В.
|c специалист в области электротехники
|c доцент Томского политехнического университета, кандидат технических наук
|f 1979-
|g Ольга Валерьевна
|3 (RuTPU)RU\TPU\pers\29653
|9 14166
|
| 712 |
0 |
2 |
|a Национальный исследовательский Томский политехнический университет (ТПУ)
|b Институт неразрушающего контроля (ИНК)
|b Кафедра физических методов и приборов контроля качества (ФМПК)
|3 (RuTPU)RU\TPU\col\18709
|
| 801 |
|
2 |
|a RU
|b 63413507
|c 20171116
|g RCR
|
| 856 |
4 |
|
|u http://earchive.tpu.ru/handle/11683/44039
|
| 942 |
|
|
|c BK
|